| 000 | 01259nas a2200289 i 4500 | ||
|---|---|---|---|
| 003 | DO-SdBNP | ||
| 005 | 20260306142407.0 | ||
| 007 | ta | ||
| 008 | 260306e2007 dr un|p|r||||||0| | spa d | ||
| 040 |
_aDO-SdBNP _bspa _cBNPHU _erda |
||
| 041 | _aspa | ||
| 245 | _aCEInforma. | ||
| 264 |
_aSanto Domingo, República Dominicana : _bCentro de Exportación e Inversión de la RD CEI-RD, _c2007. |
||
| 300 |
_avolumen : _bilustraciones, fotografías ; _c28 cm. |
||
| 310 | _aDesconocida. | ||
| 336 |
_atexto _btxt _2rdacontent |
||
| 337 |
_asin mediación _bn _2rdamedia |
||
| 338 |
_avolumen _bnc _2rdacarrier |
||
| 362 | _aNo. 3. Año 2007. | ||
| 500 | _aCatalogación basada en: No. 3. Año 2007. | ||
| 520 | _aCEInforma: es una publicación de Centro de Exportación e Inversión de la República Dominicana (CEI-RD). Su objetivo principal es difundir las actividades de la institución, así como Tambien los logros alcanzados. | ||
| 650 | 0 |
_aComercio exterior _vPublicaciones periódicas _963855 |
|
| 650 | 0 |
_aVentas de exportación _923295 _vPublicaciones periódicas |
|
| 650 | 0 |
_aInversiones _vPublicaciones periódicas _zRepública Dominicana _912059 |
|
| 650 | 0 |
_aRelaciones comerciales _912060 _vPublicaciones periódicas |
|
| 942 |
_2ddc _cISSUE |
||
| 999 |
_c60463 _d60463 |
||